000 02397 a2200253 4500
001 25199
005 20260407155535.0
008 260407a1978 arg spa d
003 AR-UNSa-BCEJYS
040 _aAR-UNSa-BCEJYS
_bspa
_cAR-UNSa-BCEJYS
080 _a347.72
_xSociedades comerciales
245 1 0 _aCuadernos de derecho societario
020 _a950-20-0071-4
264 1 _aBuenos Aires :
_bAbeledo Perrot
_c1978
300 _a4 v.
_c23 cm.
505 _aVol. I: Aspectos jurídicos generales: 1. Ubicación de la sociedad comercial en el ámbito jurídico - 2. Constitución de las sociedades - 3. Personalidad de las sociedades - 4. Los socios - 5. Patrimonio y capital social - 6. Domicilio - denominación - objeto - 7. La organización - 8. Régimen de la documentación y contabilidad - 9. Participación en las utilidades y soportación de las pérdidas -- Vol. II: Sociedades por partes de interés y por cuotas: Parte I: 1. La sociedad colectiva - 2. La sociedad en comandita simple - 3. La sociedad de capital e industria - 4. La sociedad accidental o en participación -- Parte II: Sociedades de responsabilidad limitada -- Vol. III: Sociedades anónimas y en comandita por acciones: 1. Consideraciones generales sobre las sociedades por acciones - 2. Régimen de la intervención del estado - 3. La sociedad anónima. Caracterización y aspectos particulares. Régimen de constitución - 4. El capital social - 5. Acciones - 6. Bonos y deventures - 7. Gobierno - 8. El voto acumulativo para las elecciones en los órganos sociales - 9. Administración y representación - 10. Análisis e interpretación de las normas sobre documentación y estados contables de sociedades por acciones - 11. Fiscalización interna - 12. Sociedades en comandita por acciones -- Vol. IV: Aspectos particulares en la evolución de las sociedades: 1. Grupos y concentración de sociedades - 2. Transformación - 3. Fusión - 4. Escisión - 5. "Resolución parcial" - 6. Disolución - 7. Prórroga - 8. Reactivación de sociedades disueltas - 9. Liquidación - 10. Intervención judicial e intervención administrativa de las sociedades - 11. Arbitraje
942 _cBK
590 _aniveau_biblio:m niveau_hierar:0
100 1 _aZaldívar, Enrique
700 1 _aRagazzi, Gillermo Enrique
700 1 _aRovira, Alfredo L.
700 1 _aManovil, Rafael M.
700 1 _aSan Millan, Carlos
999 _c1310
_d1310